Old Testament Textual Criticism: A practical introduction

This accessibly written, practical introduction to Old Testament textual criticism helps students understand the discipline and begin thinking through complex issues for themselves. The authors combine proven expertise in the classroom with cutting-edge work in Hebrew textual studies. This successfu...

Full description

Saved in:
Bibliographic Details
Main Author: Brotzman, Ellis R. (autor)
Other Authors: Tully, Eric J. (coautor)
Format: Book
Published: Grand Rapids, Michigan Baker Academic 2016
Edition:segunda edición
Subjects:
Tags: Add Tag
No Tags, Be the first to tag this record!

MARC

LEADER 00000nam a22000005a 4500
003 CL-ChUAC
005 20260219164340.0
007 ta
008 190401t2016 xxu ||||| |||| 000 ||spa
020 |a 978-0-8010-9753-9 
040 |a CL-ChBUA  |c CL-ChBUA  |e rda  |b spa 
082 0 0 |2 22  |a 221.06 
100 1 |a Brotzman, Ellis R.  |e autor 
245 1 0 |a Old Testament Textual Criticism:   |b A practical introduction  |c Ellis R. Brotzman ; Eric J Tully  
250 |a segunda edición 
260 |a Grand Rapids, Michigan  |b Baker Academic  |c 2016 
300 |a XV, 255 páginas  |b tablas, figuras, esquemas  |c 23 centímetros  
336 |2 rdacontent  |a text  |b txt 
337 |2 rdamedia  |a unmediated  |b n 
338 |2 rdacarrier  |a volume  |b nc 
504 |a índice, apéndice, bibliografía, índices de: materia, autores, Escrituras (citas bíblicas) 
520 3 |a This accessibly written, practical introduction to Old Testament textual criticism helps students understand the discipline and begin thinking through complex issues for themselves. The authors combine proven expertise in the classroom with cutting-edge work in Hebrew textual studies. This successful classic (nearly 25,000 copies sold) has been thoroughly expanded and updated to account for the many changes in the field over the past twenty years. It includes examples, illustrations, an updated bibliography, and a textual commentary on the book of Ruth.  
630 4 |a BIBLIA  |x ANTIGUO TESTAMENTO 
630 4 |a BIBLIA  |x COMENTARIOS 
650 4 |a TEOLOGÍA 
700 1 |a Tully, Eric J.  |e coautor 
942 |2 ddc  |c LIB 
945 |0 nac 
952 |0 0  |1 0  |2 ddc  |4 0  |6 221_060000000000000_B_874IN  |7 0  |9 1163224  |a UNACH  |b UNACH  |c 200  |d 2019-04-01  |i 64.174  |l 0  |o 221.06 / B 874in  |p 100635  |r 2019-04-01 00:00:00  |t 1  |w 2019-04-01  |y LIB  |� Te 
999 o |c 2282891  |d 228289